Riadená aktivácia zvodiča bleskového prúdu

Saved in:
Bibliographic Details
Main Author: Bráz, Peter (Author)
Other Authors: Jurčacko, Ľudovít, 1947- (Thesis advisor)
Format: Manuscript Book
Language:Slovak
Published: Bratislava : STU v Bratislave FEI, 2004
Subjects:
Tags: Add Tag
No Tags, Be the first to tag this record!

MARC

LEADER 00000ntm a22000003a 4500
001 stu87621
005 20160719165005.2
008 040608s2004------------------------slo-d
040 |a STU  |b slo 
041 0 |a slo 
100 1 |a Bráz, Peter  |4 aut 
245 1 |a Riadená aktivácia zvodiča bleskového prúdu 
260 |a Bratislava :  |b STU v Bratislave FEI,  |c 2004 
300 |a 56 s 
650 7 |a Elektroenergetika  |2 stusub 
650 7 |a silnoprúdová elektrotechnika  |2 stusub 
700 1 |a Jurčacko, Ľudovít,  |d 1947-  |4 ths  |u E020  |U FEI Fakulta elektrotechniky a informatiky  |T FEI Ústav elektroenergetiky a aplikovanej elektrotechniky  |X 2054  |U E020  |Y 548  |7 A000002054